00972nam a22002657a 45000010005000000030006000050050017000110080041000280200018000690400029000870500016001160820011001321000024001432450041001672600038002083000059002465050007003055200144003125210021004565210018004776500037004959420015005329990015005479520144005629336FISKH20251211103521.0251211b cb ||||| |||| 00| 0 eng d a9780545512442 aFISKHbengcFISKHdFISKH aPZ7.W1675 B a813.54 aWalsh, Ellen Stoll  aBalancing act /c Ellen Stoll Walsh  aNew York : bScholastic, c2010.  a32 unnumbered pages : bcolor illustrations ; c19 cm aG  aTwo mice have fun playing on a teeter-totter, but as more and larger friends join them, it becomes increasingly difficult to stay balanced.8 a320 bLexile AD 8 aG bRaz-Plus  aBalancingvPicture bookxScience 2ddccBKn0 c9336d9336 00102ddc40708JUVFa002b002cTTP Dark Greend2025-12-11l0oWAL 813.54 PZ7.W1675 B pFISTK02520r2025-12-11 10:35:19t1w2025-12-11yBK